000 00956aab a2200205 i 4500
001 768714001
003 CO-MdFUSB
005 20240320115404.0
008 240318t1992 ag ||||| |||| 00| 0 spa d
040 _bspa
_cCO-MdFUSB
041 _aspa
100 1 _aBreneman, Mervin (1930-)
_eautor
245 1 0 _aÉtica del Antiguo Testamento (9) :
_bla santidad del sexo
_c/ Mervin Breneman
300 _aVolumen 11, número 4 (octubre - diciembre, 1992), páginas: 22 - 25
_c; 27 cm
520 _aLa Biblia no ve el sexo como malo, sino ve las aberraciones como atentados contra la sana sociedad y como desobediencia a Dios. Dios hizo el sexo como parte importante del ser humano y quiere que nos gocemos de todo lo que ha creado.
630 0 7 _aBiblia
_xCrítica, interpretación, etc.
653 _aMandamientos
773 0 _tIglesia y Misión
_049402
_959656
_gVolumen 11, número 4 (octubre - diciembre, 1992), páginas: 22 - 25
_qpáginas: 22
942 _cANA
999 _c51980
_d51980